000 00553nam a2200205 a 4500
005 20140310183625.0
008 120910s19uu xx 00 eng d
020 _a9789380540412
050 _aG 155.A1
_b.Sh23 2010
100 _aSharma, Lalita
245 _aDynamics of modern tourism /
_cLalita Sharma.
250 _a1st ed.
260 _aNew Delhi, India :
_bCentrum Press,
_c2010.
300 _a300 p. :
_bill. ;
_c22 cm.
500 _aIncludes index
521 _aTOU
650 _aTourism
_xIndia
942 _cBK
_2lcc
_kFOR
999 _c25512
_d25512